3 E : (Record no. 186971)

MARC details
000 -LEADER
campo de control de longitud fija 00702nas a2200253 i 4500
001 - NÚMERO DE CONTROL
campo de control 186971
003 - IDENTIFICADOR DE NÚMERO DE CONTROL
campo de control ES-MaACL
005 - FECHA Y HORA DE LA ÚLTIMA TRANSACCIÓN
campo de control 20250217134923.0
008 - DATOS DE LONGITUD FIJA--INFORMACIÓN GENERAL
campo de control de longitud fija 170317d19651967sp d| | ||pa d
022 ## - NÚMERO INTERNACIONAL NORMALIZADO PARA PUBLICACIONES SERIADAS
Número Internacional Normalizado para Publicaciones Seriadas 2487-230X
080 ## - NÚMERO DE LA CLASIFICACIÓN DECIMAL UNIVERSAL
Número de la Clasificación Decimal Universal 338.1(100)
080 ## - NÚMERO DE LA CLASIFICACIÓN DECIMAL UNIVERSAL
Número de la Clasificación Decimal Universal (054)
245 00 - MENCIÓN DEL TÍTULO
Título 3 E :
Resto del título economía española y exterior.
246 2# - FORMA VARIANTE DEL TITULO
Título propio/Titulo breve Tres E
246 2# - FORMA VARIANTE DEL TITULO
Título propio/Titulo breve 3E
260 ## - PUBLICACIÓN, DISTRIBUCIÓN, ETC.
Lugar de publicación, distribución, etc. Madrid :
Nombre del editor, distribuidor, etc. Publicaciones de Economía y Finanzas,
Fecha de publicación, distribución, etc. 1965-1967.
300 ## - DESCRIPCIÓN FÍSICA
Extensión v. ;
Dimensiones 37 cm.
310 ## - PERIODICIDAD ACTUAL
Periodicidad actual Diaria
362 0# - FECHAS DE PUBLICACIÓN Y/O DESIGNACIÓN SECUENCIAL
Fecha de publicación y/o designación secuencial Año 1, n. 1 (17 nov. 1965)-año 2, n. 516 (16 jul. 1967)
650 #4 - PUNTO DE ACCESO ADICIONAL DE MATERIA--TÉRMINO DE MATERIA
Término de materia o nombre geográfico como elemento de entrada Economía mundial.
9 (RLIN) 12035
852 ## - LOCALIZACIÓN
Ubicación ES-MaACL
Número de control de estantería HEM-GF-54
866 #0 - MENCIÓN TEXTUAL DE FONDOS--UNIDAD BIBLIOGRÁFICA BÁSICA
Fondos (1965) 1966 (1967)
Holdings
Estatus retirado Estado de pérdida Estado de daño No para préstamo Colección Biblioteca de origen Biblioteca actual Ubicación en estantería Fecha de adquisición Fuente de adquisición Total de préstamos Signatura topográfica completa Código de barras Visto por última vez Precio de reemplazo Tipo de ítem Koha
        Periódicos y Revistas Biblioteca del Ateneo de Madrid Biblioteca del Ateneo de Madrid Depósito 1 17/03/2017     HEM-GF-54 1197241 23/02/2023 23/02/2023 Revista